[Event "FIN-chT 1617"]
[Site "Finland"]
[Date "2017.03.12"]
[Round "11.1"]
[White "Agopov, Mikael"]
[Black "Raaste, Eero J"]
[Result "1/2-1/2"]
[WhiteElo "2440"]
[BlackElo "2304"]
[PlyCount "89"]
[EventDate "2016.09.17"]
[EventType "team-tourn"]
[EventRounds "11"]
[EventCountry "FIN"]
[SourceTitle "EXT 2018"]
[Source "ChessBase"]
[SourceDate "2017.10.13"]
[SourceVersion "1"]
[SourceVersionDate "2017.10.13"]
[SourceQuality "1"]
[WhiteTeam "Helsinki Velhot"]
[BlackTeam "Helsinki Garde"]
[WhiteTeamCountry "FIN"]
[BlackTeamCountry "FIN"]

1. e4 e6 2. d4 d5 3. Nc3 Bb4 4. e5 Qd7 5. a3 Bf8 6. Nf3 b6 7. b4 Nc6 8. Bd3 h6 9. 0-0 Bb7 10. Ne2 a5 11. b5 Nce7 12. Nf4 0-0-0 13. Re1 Kb8 14. a4 Nc8 15. c3 Nge7 16. h3 g6 17. Rb1 Na7 18. Ba3 Bg7 19. Qe2 Rhe8 20. Nh2 h5 21. Nf3 Bh6 22. Bc1 Rh8 23. Bd2 Nec8 24. Bc2 Qe7 25. Nd3 Bxd2 26. Qxd2 c6 27. Qf4 cxb5 28. axb5 Rd7 29. Rb3 Rc7 30. Nb2 Qe8 31. Bd3 Ne7 32. Na4 Nac8 33. Qf6 Rh7 34. Ng5 Ng8 35. Qf4 Rh8 36. Ra1 Nh6 37. Qd2 Nf5 38. Bxf5 gxf5 39. Qa2 Qe7 40. h4 Qd8 41. g3 Qe7 42. Kh2 Qd8 43. Nh3 Rc4 44. Nf4 Ne7 45. Qd2 1/2-1/2

[Event "FIN-chT 1516"]
[Site "Finland"]
[Date "2016.03.13"]
[Round "11.3"]
[White "Sklyarov, Dmitry V"]
[Black "Raaste, Eero J"]
[Result "1-0"]
[WhiteElo "2431"]
[BlackElo "2303"]
[PlyCount "107"]
[EventDate "2015.09.12"]
[EventType "team-tourn"]
[EventRounds "11"]
[EventCountry "FIN"]
[SourceTitle "EXT 2017"]
[Source "ChessBase"]
[SourceDate "2016.10.25"]
[SourceVersion "1"]
[SourceVersionDate "2016.10.25"]
[SourceQuality "1"]
[WhiteTeam "Jyvaskyla JyS"]
[BlackTeam "Helsinki Garde"]
[WhiteTeamCountry "FIN"]
[BlackTeamCountry "FIN"]

1. Nf3 Nf6 2. g3 b6 3. Bg2 Bb7 4. 0-0 c5 5. d3 e6 6. e4 d6 7. Re1 Nbd7 8. Nbd2 Qc7 9. b3 Be7 10. Bb2 0-0 11. c3 Rac8 12. Qe2 Rfe8 13. Rac1 Bf8 14. Nh4 b5 15. f4 Qb6 16. c4 Nb8 17. e5 Bxg2 18. Nxg2 Nfd7 19. exd6 Bxd6 20. Ne3 Nc6 21. Ne4 Nd4 22. Qf2 Bf8 23. cxb5 Nxb5 24. f5 e5 25. Nc4 Qc6 26. Qf3 Nd4 27. Bxd4 exd4 28. Re2 Ne5 29. Nxe5 Rxe5 30. Rce1 Rce8 31. g4 f6 32. Kf2 Qd7 33. h3 a5 34. Nd2 Rxe2+ 35. Rxe2 Rd8 36. Qe4 a4 37. Qe6+ Qxe6 38. fxe6 Be7 39. bxa4 Ra8 40. Nc4 Rxa4 41. Rb2 g6 42. a3 f5 43. Rb7 Kf8 44. gxf5 gxf5 45. Kf3 Ra6 46. Rb6 Rxb6 47. Nxb6 c4 48. Nxc4 Kg7 49. a4 Kf6 50. a5 Kxe6 51. a6 Bc5 52. Kf4 Ba7 53. Na3 Bb8+ 54. Kf3 1-0

[Event "FIN-chT 1516"]
[Site "Finland"]
[Date "2015.10.10"]
[Round "3.2"]
[White "Raaste, Eero J"]
[Black "Seeman, Tarvo"]
[Result "1/2-1/2"]
[WhiteElo "2303"]
[BlackElo "2407"]
[PlyCount "135"]
[EventDate "2015.09.12"]
[EventType "team-tourn"]
[EventRounds "11"]
[EventCountry "FIN"]
[SourceTitle "EXT 2017"]
[Source "ChessBase"]
[SourceDate "2016.10.25"]
[SourceVersion "1"]
[SourceVersionDate "2016.10.25"]
[SourceQuality "1"]
[WhiteTeam "Helsinki Garde"]
[BlackTeam "Helsinki Aatos"]
[WhiteTeamCountry "FIN"]
[BlackTeamCountry "FIN"]

1. e4 c5 2. Nf3 g6 3. d4 Bg7 4. Nc3 cxd4 5. Nxd4 Nc6 6. Be3 Nf6 7. Bc4 0-0 8. 0-0 Nxe4 9. Nxe4 d5 10. Nxc6 bxc6 11. Bd3 dxe4 12. Bxe4 Qa5 13. c3 Rb8 14. Qc1 c5 15. Rd1 Be6 16. Bd5 Bf5 17. h3 h5 18. Bh6 Rfd8 19. Bxg7 Kxg7 20. Qe3 Qc7 21. Rd2 e6 22. Bc4 Rxd2 23. Qxd2 Rd8 24. Qe3 e5 25. Re1 f6 26. h4 a5 27. Rf1 Qc6 28. Re1 Qd6 29. Rf1 Bc2 30. Bb5 e4 31. Rc1 Qd2 32. b4 axb4 33. cxb4 cxb4 34. Qa7+ Kh6 35. Rf1 Qd4 36. Qe7 Qd6 37. Qf7 Qe5 38. Rc1 Qb2 39. Rf1 Qd4 40. Be8 e3 41. Qf8+ Kh7 42. Qe7+ Kh6 43. fxe3 Qd6 44. Qf7 f5 45. Rf3 b3 46. axb3 Bxb3 47. Qxb3 Rxe8 48. Qf7 Rf8 49. Qc4 Qe7 50. Qf4+ Kg7 51. Qd4+ Kh7 52. Rf1 Rd8 53. Qf4 Re8 54. Kf2 Qg7 55. Rb1 Re4 56. Qb8 Re7 57. Rb3 f4 58. exf4 Qd4+ 59. Kg3 Qd1 60. Rf3 Qe1+ 61. Kh3 Qh1+ 62. Kg3 Qe1+ 63. Kh3 Qe4 64. Qf8 Rb7 65. Qf6 Ra7 66. f5 Rg7 67. fxg6+ Qxg6 68. Qxg6+ 1/2-1/2

[Event "FIN-chT 0809 qual"]
[Site "Finland"]
[Date "2009.??.??"]
[Round "6.4"]
[White "Tolonen, Mikko"]
[Black "Raaste, Eero J"]
[Result "0-1"]
[WhiteElo "2229"]
[BlackElo "2295"]
[PlyCount "140"]
[EventDate "2009.??.??"]
[EventType "team-match"]
[EventRounds "1"]
[EventCountry "FIN"]
[SourceTitle "EXT 2022"]
[Source "ChessBase"]
[SourceDate "2021.10.06"]
[SourceVersion "1"]
[SourceVersionDate "2021.10.06"]
[SourceQuality "1"]
[WhiteTeam "Espoo MatSK II"]
[BlackTeam "Helsinki Garde"]
[WhiteTeamCountry "FIN"]
[BlackTeamCountry "FIN"]

1. e4 e6 2. d4 d5 3. Nc3 Bb4 4. exd5 exd5 5. Qf3 Ne7 6. Bf4 c6 7. 0-0-0 0-0 8. Nge2 Ng6 9. Bd2 Nh4 10. Qg3 Be7 11. f3 Na6 12. Qf2 b5 13. g3 Nf5 14. Kb1 b4 15. Na4 Qa5 16. b3 c5 17. g4 Nd6 18. Nf4 c4 19. Nc5 Nc7 20. Qe1 Re8 21. Bxb4 Qb5 22. a4 Qb8 23. Qc3 Bxg4 24. Ba5 Ncb5 25. axb5 Nxb5 26. Qd2 Bxf3 27. Bg2 Bxd1 28. Rxd1 cxb3 29. Nxb3 Na3+ 30. Ka2 Nc4 31. Qf2 Qb5 32. Nxd5 Rab8 33. Nc3 Qa6 34. Bf1 Rxb3 35. cxb3 Qxa5+ 36. Na4 Nb6 37. Qe1 Qd5 38. Nxb6 axb6 39. Bc4 Qf5 40. Bd3 Ra8+ 41. Kb1 Qa5 42. Qxa5 bxa5 43. Bc4 Ra7 44. Kc2 g6 45. Rf1 Bb4 46. Kd3 Kg7 47. Rf2 Re7 48. Re2 Rxe2 49. Kxe2 f5 50. h3 g5 51. Ba6 h5 52. Bc8 Kf6 53. Kf3 Bc3 54. Ke3 Be1 55. Ke2 Bg3 56. Kf3 Bh2 57. Bd7 Bg1 58. Be8 h4 59. d5 Ke5 60. Bd7 Bc5 61. Bc8 Bd6 62. Bd7 Kd4 63. Bxf5 Kc3 64. Kg4 Kxb3 65. Bd7 Be7 66. d6 Bd8 67. Kf5 a4 68. Ke6 a3 69. Kf7 Kb2 70. Be6 g4 0-1

[Event "FIN-chT 0607"]
[Site "Finland"]
[Date "2007.01.13"]
[Round "6.5"]
[White "Raaste, Eero J"]
[Black "Hamalainen, Sami"]
[Result "0-1"]
[WhiteElo "2311"]
[BlackElo "2217"]
[PlyCount "68"]
[EventDate "2006.09.14"]
[EventType "team-tourn"]
[EventRounds "9"]
[EventCountry "FIN"]
[SourceTitle "EXT 2022"]
[Source "ChessBase"]
[SourceDate "2021.10.06"]
[SourceVersion "1"]
[SourceVersionDate "2021.10.06"]
[SourceQuality "1"]
[WhiteTeam "Helsinki Garde"]
[BlackTeam "Vantaa EtVaS"]
[WhiteTeamCountry "FIN"]
[BlackTeamCountry "FIN"]

1. e4 e5 2. Nf3 Nc6 3. Bb5 a6 4. Ba4 Nf6 5. 0-0 Nxe4 6. d4 exd4 7. Re1 d5 8. Nxd4 Bd6 9. Nxc6 Bxh2+ 10. Kf1 Qh4 11. Qd4 0-0 12. Nc3 Bg4 13. Ne7+ Kh8 14. Ne2 Ng3+ 15. Nxg3 Bxg3 16. fxg3 Be2+ 17. Rxe2 Qxd4 18. Bb3 Rae8 19. Bf4 Rxe7 20. Rxe7 Qf6 21. Re5 h6 22. Bxd5 g5 23. Rae1 gxf4 24. g4 c6 25. Bf3 Kg7 26. c3 Qd6 27. Rf5 Rd8 28. Rd1 Qc7 29. Rxd8 Qxd8 30. Rxf4 Qd3+ 31. Be2 Qb1+ 32. Kf2 b5 33. Rb4 a5 34. Rb3 Qxa2 0-1

[Event "FIN-chT 0607"]
[Site "Finland"]
[Date "2006.11.18"]
[Round "4.4"]
[White "Molander, Riku"]
[Black "Raaste, Eero J"]
[Result "1/2-1/2"]
[WhiteElo "2319"]
[BlackElo "2311"]
[PlyCount "46"]
[EventDate "2006.09.14"]
[EventType "team-tourn"]
[EventRounds "9"]
[EventCountry "FIN"]
[SourceTitle "EXT 2022"]
[Source "ChessBase"]
[SourceDate "2021.10.06"]
[SourceVersion "1"]
[SourceVersionDate "2021.10.06"]
[SourceQuality "1"]
[WhiteTeam "Helsinki Velhot"]
[BlackTeam "Helsinki Garde"]
[WhiteTeamCountry "FIN"]
[BlackTeamCountry "FIN"]

1. e4 e6 2. d4 d5 3. e5 b6 4. c3 Qd7 5. Bd3 Ba6 6. Bc2 Nc6 7. b4 Bb7 8. Nf3 a6 9. 0-0 f6 10. exf6 gxf6 11. Re1 0-0-0 12. Qe2 Re8 13. Bd3 a5 14. Bf5 Kb8 15. bxa5 Nxa5 16. Bf4 Bc8 17. Nbd2 Bd6 18. Bxd6 Qxd6 19. c4 dxc4 20. Nxc4 Qd5 21. Ne3 Qd6 22. Nc4 Qd5 23. Ne3 Qd6 1/2-1/2

[Event "FIN-chT 0405"]
[Site "Finland"]
[Date "2005.03.13"]
[Round "9.6"]
[White "Pulkkinen, Kari"]
[Black "Raaste, Eero J"]
[Result "1-0"]
[WhiteElo "2319"]
[BlackElo "2309"]
[PlyCount "73"]
[EventDate "2004.09.18"]
[EventType "team-tourn"]
[EventRounds "9"]
[EventCountry "FIN"]
[SourceTitle "EXT 2022"]
[Source "ChessBase"]
[SourceDate "2021.10.06"]
[SourceVersion "1"]
[SourceVersionDate "2021.10.06"]
[SourceQuality "1"]
[WhiteTeam "Espoo MatSK"]
[BlackTeam "Helsinki Gaia"]
[WhiteTeamCountry "FIN"]
[BlackTeamCountry "FIN"]

1. e4 e6 2. d4 d5 3. Nc3 Bb4 4. e5 Qd7 5. a3 Bf8 6. Nf3 b6 7. Bb5 c6 8. Ba4 Ba6 9. Ne2 Bb5 10. Bxb5 cxb5 11. 0-0 Nc6 12. c3 Na5 13. Nf4 g6 14. Re1 h5 15. Nd3 Be7 16. a4 bxa4 17. Rxa4 Nh6 18. Bxh6 Rxh6 19. h4 Kf8 20. Ra2 Kg7 21. Ng5 Qd8 22. Qd2 Rh8 23. Qf4 Rf8 24. Re3 Qe8 25. g4 hxg4 26. Qxg4 Rh8 27. Rf3 Bxg5 28. Qxg5 Qd8 29. Rf6 Rh5 30. Qg4 Qh8 31. Nf4 Rh6 32. h5 Nb3 33. Rxf7+ Kxf7 34. Qxe6+ Kg7 35. Qd7+ Kf8 36. Ne6+ Kg8 37. Ng5 1-0

[Event "FIN-chT 0405"]
[Site "Finland"]
[Date "2004.09.25"]
[Round "3.5"]
[White "Raaste, Eero J"]
[Black "Salo, Heikki"]
[Result "1/2-1/2"]
[WhiteElo "2309"]
[BlackElo "2263"]
[PlyCount "42"]
[EventDate "2004.09.18"]
[EventType "team-tourn"]
[EventRounds "9"]
[EventCountry "FIN"]
[SourceTitle "EXT 2022"]
[Source "ChessBase"]
[SourceDate "2021.10.06"]
[SourceVersion "1"]
[SourceVersionDate "2021.10.06"]
[SourceQuality "1"]
[WhiteTeam "Helsinki Gaia"]
[BlackTeam "Vantaa EtVaS"]
[WhiteTeamCountry "FIN"]
[BlackTeamCountry "FIN"]

1. e4 e5 2. Nf3 Nf6 3. Nxe5 d6 4. Nf3 Nxe4 5. Qe2 Qe7 6. d3 Nf6 7. Bg5 Qxe2+ 8. Bxe2 Be7 9. Nc3 h6 10. Bf4 Nbd7 11. h3 Nb6 12. 0-0-0 Bd7 13. d4 Nbd5 14. Nxd5 Nxd5 15. Bd2 b5 16. Bd3 c6 17. Rde1 Be6 18. Ng1 a5 19. c3 Bg5 20. Ne2 Bxd2+ 21. Kxd2 Kd7 1/2-1/2

[Event "FIN-chT 0203"]
[Site "Finland"]
[Date "2002.10.21"]
[Round "1.5"]
[White "Raaste, Eero J"]
[Black "Toikka, Jussi"]
[Result "1/2-1/2"]
[WhiteElo "2318"]
[BlackElo "2043"]
[PlyCount "66"]
[EventDate "2002.10.21"]
[EventType "team-tourn"]
[EventRounds "9"]
[EventCountry "FIN"]
[SourceTitle "EXT 2004"]
[Source "ChessBase"]
[SourceDate "2003.11.25"]
[SourceVersion "1"]
[SourceVersionDate "2003.11.25"]
[SourceQuality "1"]
[WhiteTeam "Helsinki Gaia"]
[BlackTeam "Karhula TS"]
[WhiteTeamCountry "FIN"]
[BlackTeamCountry "FIN"]

1. e4 c6 2. d4 d5 3. exd5 cxd5 4. c4 Nf6 5. Nc3 e6 6. Nf3 Bb4 7. Bd3 0-0 8. 0-0 dxc4 9. Bxc4 b6 10. Bg5 Bb7 11. Re1 Nbd7 12. Qd3 Rc8 13. Bb5 Bxc3 14. bxc3 Qc7 15. Rac1 Ng4 16. h3 Ngf6 17. Qe2 h6 18. Be3 e5 19. dxe5 Nxe5 20. Nh4 a6 21. Bxa6 Bxa6 22. Qxa6 Qc4 23. Qxc4 Rxc4 24. Bxb6 Nd3 25. Bd4 Nxc1 26. Rxc1 Ra8 27. Bxf6 gxf6 28. Nf5 Rxa2 29. Nxh6+ Kf8 30. g3 Ra3 31. Nf5 Raxc3 32. Rxc3 Rxc3 33. Kg2 Kg8 1/2-1/2

[Event "Helsinki ShakkiNet IM 2nd"]
[Site "Helsinki"]
[Date "2000.07.17"]
[Round "8"]
[White "Raaste, Eero J"]
[Black "Koskela, Niina"]
[Result "1/2-1/2"]
[WhiteElo "2349"]
[BlackElo "2182"]
[PlyCount "87"]
[EventDate "2000.07.10"]
[EventType "tourn"]
[EventRounds "9"]
[EventCountry "FIN"]
[EventCategory "4"]
[SourceTitle "CBM 077 Extra"]
[Source "ChessBase"]
[SourceDate "2000.09.14"]
[SourceVersion "1"]
[SourceVersionDate "2000.09.14"]
[SourceQuality "1"]

1. e4 e5 2. Nf3 Nf6 3. Nxe5 d6 4. Nf3 Nxe4 5. d4 d5 6. Bd3 Bd6 7. 0-0 0-0 8. c4 c6 9. Nc3 Nxc3 10. bxc3 Bg4 11. h3 Bh5 12. Rb1 dxc4 13. Bxc4 b6 14. Re1 Nd7 15. g4 Bg6 16. Bg5 Qc7 17. Rb2 c5 18. Bd5 Rae8 19. Rbe2 Rxe2 20. Qxe2 Nf6 21. Bxf6 gxf6 22. Nh4 cxd4 23. cxd4 Qc3 24. Qe3 Qxe3 25. fxe3 Rd8 26. Nxg6 hxg6 27. Bb3 Kg7 28. Rc1 Re8 29. Kf2 Rh8 30. Kg2 Re8 31. Kf3 g5 32. Rc3 Bb8 33. Ba4 Rh8 34. Kg2 Rd8 35. Rc6 Rh8 36. Bb5 Rd8 37. a4 Bd6 38. Kf3 Bb8 39. Rc1 Rh8 40. Kg2 Bd6 41. Ba6 Re8 42. Kf3 Rxe3+ 43. Kxe3 Bf4+ 44. Ke4 1/2-1/2

[Event "Helsinki ShakkiNet IM 2nd"]
[Site "Helsinki"]
[Date "2000.07.16"]
[Round "7"]
[White "Lampen, Timo"]
[Black "Raaste, Eero J"]
[Result "1-0"]
[WhiteElo "2307"]
[BlackElo "2349"]
[PlyCount "107"]
[EventDate "2000.07.10"]
[EventType "tourn"]
[EventRounds "9"]
[EventCountry "FIN"]
[EventCategory "4"]
[SourceTitle "CBM 077 Extra"]
[Source "ChessBase"]
[SourceDate "2000.09.14"]
[SourceVersion "1"]
[SourceVersionDate "2000.09.14"]
[SourceQuality "1"]

1. d4 Nf6 2. c4 e6 3. Nc3 Bb4 4. f3 d5 5. a3 Bxc3+ 6. bxc3 c5 7. cxd5 Nxd5 8. dxc5 Qa5 9. e4 Ne7 10. Be3 0-0 11. Qb3 Nec6 12. a4 Na6 13. Bb5 e5 14. Ne2 Be6 15. Qa3 Nc7 16. Qb2 Rab8 17. 0-0 Na6 18. Rfd1 Qc7 19. f4 Na5 20. f5 Bb3 21. Rd7 Qc8 22. f6 Nxc5 23. fxg7 Re8 24. Rd6 Nxe4 25. Rh6 Re6 26. Rh4 f5 27. Ng3 Nxg3 28. hxg3 Rg6 29. Bxa7 Ra8 30. Bf2 Qe6 31. Re1 Rxg7 32. Bd4 Qg6 33. Bxe5 Re7 34. Qf2 Nc6 35. Bxc6 bxc6 36. Bd4 Rxe1+ 37. Qxe1 Re8 38. Qd2 Bd5 39. Bf2 Ra8 40. Qf4 h5 41. Qc7 Qf7 42. Qd6 Qe6 43. Qf4 Qg6 44. a5 Bf7 45. Qc7 Qe6 46. Rb4 Kh7 47. Rb1 Qd5 48. Rb7 Kg6 49. Rb6 Rxa5 50. Rxc6+ Kh7 51. Rf6 Kg8 52. Bd4 Ra2 53. Qc8+ Kh7 54. Rh6+ 1-0

[Event "Helsinki ShakkiNet IM 2nd"]
[Site "Helsinki"]
[Date "2000.07.11"]
[Round "2"]
[White "Pirttimaki, Timo"]
[Black "Raaste, Eero J"]
[Result "0-1"]
[WhiteElo "2271"]
[BlackElo "2349"]
[PlyCount "126"]
[EventDate "2000.07.10"]
[EventType "tourn"]
[EventRounds "9"]
[EventCountry "FIN"]
[EventCategory "4"]
[SourceTitle "CBM 077 Extra"]
[Source "ChessBase"]
[SourceDate "2000.09.14"]
[SourceVersion "1"]
[SourceVersionDate "2000.09.14"]
[SourceQuality "1"]

1. c4 e5 2. g3 Nf6 3. Bg2 d5 4. cxd5 Nxd5 5. a3 Be7 6. Nc3 Nb6 7. d3 0-0 8. Be3 Re8 9. Rc1 Bf8 10. Nf3 Nc6 11. 0-0 h6 12. Ne4 g6 13. Nc5 Bg7 14. b4 Nd5 15. Bd2 b6 16. Qa4 Nb8 17. Ne4 Bb7 18. Rc2 Nd7 19. Rfc1 Nf8 20. Nc3 Ne6 21. e3 Ne7 22. Qb3 c5 23. Ne1 Bxg2 24. Kxg2 Qd7 25. Kg1 Rec8 26. Ne4 cxb4 27. Bxb4 Rxc2 28. Rxc2 Nd5 29. Bd6 Nf6 30. Bxe5 Nxe4 31. Bxg7 N4c5 32. Rxc5 Nxc5 33. Qc3 Kh7 34. Bd4 Rc8 35. Qb2 Ne6 36. Be5 Qc6 37. Qb4 Ng5 38. h4 Nh3+ 39. Kf1 Qh1+ 40. Ke2 Ng1+ 41. Kd2 Nf3+ 42. Nxf3 Qxf3 43. Qf4 Qxf4 44. Bxf4 h5 45. e4 Kg7 46. Be5+ Kf8 47. Bb2 Ke7 48. d4 Rc4 49. Kd3 Ra4 50. f3 Kd6 51. g4 b5 52. Bc1 Kc6 53. gxh5 gxh5 54. Bb2 Kd7 55. Bc1 Ra6 56. d5 Ra4 57. Bb2 a5 58. Bc1 Kd6 59. Bf4+ Kd7 60. Bc1 b4 61. axb4 Rxb4 62. Kc3 Rb8 63. Ba3 Rb1 0-1

[Event "Helsinki ShakkiNet IM 2nd"]
[Site "Helsinki"]
[Date "2000.07.10"]
[Round "1"]
[White "Raaste, Eero J"]
[Black "Kiik, Kalle"]
[Result "1/2-1/2"]
[WhiteElo "2349"]
[BlackElo "2445"]
[PlyCount "135"]
[EventDate "2000.07.10"]
[EventType "tourn"]
[EventRounds "9"]
[EventCountry "FIN"]
[EventCategory "4"]
[SourceTitle "CBM 077 Extra"]
[Source "ChessBase"]
[SourceDate "2000.09.14"]
[SourceVersion "1"]
[SourceVersionDate "2000.09.14"]
[SourceQuality "1"]

1. e4 c5 2. Nf3 g6 3. d4 Bg7 4. Nc3 cxd4 5. Nxd4 Nc6 6. Be3 Nf6 7. Bc4 0-0 8. Bb3 a5 9. 0-0 a4 10. Nxa4 Nxe4 11. c4 d6 12. f3 Nxd4 13. Bxd4 Nc5 14. Bxg7 Kxg7 15. Nc3 e5 16. Rf2 Be6 17. a3 Nxb3 18. Qxb3 Qc7 19. Nd5 Bxd5 20. cxd5 Rac8 21. Qb5 b6 22. Rd1 Qc5 23. Qd3 f5 24. g3 Rf7 25. Kg2 b5 26. Qb3 Qc4 27. Rd3 Qxb3 28. Rxb3 Rc5 29. Rd2 Ra7 30. f4 Kf6 31. Kf3 Ra4 32. fxe5+ Kxe5 33. Re3+ Re4 34. Red3 g5 35. h3 h5 36. Kg2 Rcc4 37. Rb3 Rc5 38. Rbd3 Rcc4 39. Rb3 b4 40. axb4 Rxb4 41. Ra3 Rbd4 42. Rf2 f4 43. gxf4+ Rxf4 44. Re2+ Rfe4 45. Rf2 g4 46. Ra8 gxh3+ 47. Kxh3 Rh4+ 48. Kg2 Rdg4+ 49. Kf1 Rf4 50. Rh8 Rxf2+ 51. Kxf2 Kxd5 52. Kg3 Rg4+ 53. Kf3 Rg5 54. Ke3 Kc4 55. Rc8+ Rc5 56. Rd8 Re5+ 57. Kd2 d5 58. Rc8+ Kd4 59. b4 Rg5 60. b5 Rg2+ 61. Kc1 Rg1+ 62. Kc2 Rg2+ 63. Kc1 Rg6 64. Rc6 Rg8 65. b6 Kd3 66. b7 Rb8 67. Rc7 d4 68. Rh7 1/2-1/2

[Event "FIN-chT 9900"]
[Site "Finland"]
[Date "2000.??.??"]
[Round "7.5"]
[White "Raaste, Eero J"]
[Black "Franssila, Tommi"]
[Result "1/2-1/2"]
[WhiteElo "2342"]
[BlackElo "2192"]
[PlyCount "149"]
[EventDate "1999.??.??"]
[EventType "team-tourn"]
[EventRounds "9"]
[EventCountry "FIN"]
[SourceTitle "EXT 2001"]
[Source "ChessBase"]
[SourceDate "2000.11.22"]
[SourceVersion "1"]
[SourceVersionDate "2000.11.22"]
[SourceQuality "1"]
[WhiteTeam "Helsinki Garde"]
[BlackTeam "Jyvaskyla JyS"]
[WhiteTeamCountry "FIN"]
[BlackTeamCountry "FIN"]

1. e4 c5 2. Nf3 e6 3. d4 cxd4 4. Nxd4 Nf6 5. Nc3 Nc6 6. Be2 Bb4 7. Nxc6 bxc6 8. Qd4 Qb6 9. Qxb6 axb6 10. Bd2 d5 11. exd5 exd5 12. Bd3 Ba6 13. a3 Bxd3 14. cxd3 Kd7 15. Be3 c5 16. 0-0 Bxc3 17. bxc3 Ra4 18. f3 Rha8 19. Bc1 Re8 20. Kf2 Kc6 21. Re1 Rxe1 22. Kxe1 Nd7 23. Ra2 Ne5 24. Ke2 c4 25. dxc4 dxc4 26. Kd1 Nd3 27. Re2 Nxc1 28. Kxc1 Rxa3 29. Kb2 Ra7 30. h4 Kb5 31. Re4 Rd7 32. Kc2 Kc5 33. Re5+ Kd6 34. Rg5 f6 35. Rf5 Ra7 36. Kb2 Kc6 37. Rf4 b5 38. Re4 Kc5 39. Re8 Rc7 40. h5 h6 41. Kc2 Ra7 42. Kb2 Rd7 43. Kc2 Rd5 44. Re7 Rxh5 45. Rxg7 Rg5 46. Rc7+ Kd6 47. Rb7 Rxg2+ 48. Kd1 Rg5 49. Rb6+ Ke7 50. Ke2 Re5+ 51. Kf2 Kf7 52. Kg3 Kg6 53. Kf4 h5 54. Rb8 h4 55. Kg4 Rh5 56. Kh3 Kf7 57. f4 Ke7 58. Rb6 Rd5 59. Kxh4 f5 60. Kg5 Kd7 61. Ra6 Kc7 62. Ra1 Kb6 63. Rb1 Kc5 64. Kf6 Rd3 65. Rc1 b4 66. cxb4+ Kxb4 67. Kxf5 c3 68. Ke5 Kb3 69. f5 Kb2 70. Rxc3 Kxc3 71. f6 Re3+ 72. Kd6 Kd4 73. f7 Rf3 74. Ke7 Rxf7+ 75. Kxf7 1/2-1/2

[Event "FIN-ch"]
[Site "Helsinki"]
[Date "2000.??.??"]
[Round "5"]
[White "Tolonen, Leo Toivovich"]
[Black "Raaste, Eero J"]
[Result "1/2-1/2"]
[WhiteElo "2354"]
[BlackElo "2349"]
[PlyCount "204"]
[EventDate "2000.06.09"]
[EventType "tourn"]
[EventRounds "13"]
[EventCountry "FIN"]
[EventCategory "4"]
[SourceTitle "EXT 2001"]
[Source "ChessBase"]
[SourceDate "2000.11.22"]
[SourceVersion "1"]
[SourceVersionDate "2000.11.22"]
[SourceQuality "1"]

1. Nf3 Nf6 2. b3 g6 3. Bb2 Bg7 4. c4 0-0 5. e3 d6 6. d4 e5 7. dxe5 Nfd7 8. Nc3 dxe5 9. Be2 Re8 10. 0-0 e4 11. Nd4 c6 12. Qc2 f5 13. Rfd1 Qe7 14. a3 Ne5 15. b4 Nbd7 16. c5 Nf6 17. Qb3+ Kh8 18. Rd2 Bd7 19. Rad1 f4 20. exf4 Neg4 21. Bxg4 Nxg4 22. Nc2 Be6 23. Qa4 Qh4 24. h3 Nf6 25. Ne2 Nd5 26. Bxg7+ Kxg7 27. Ne3 Rad8 28. Qc2 Kg8 29. Qb2 Nxf4 30. Nxf4 Rxd2 31. Rxd2 Qxf4 32. Qd4 Bc8 33. Nc4 Bf5 34. Nd6 Re7 35. a4 a6 36. b5 axb5 37. axb5 cxb5 38. Nxb5 Qe5 39. Qe3 Qa1+ 40. Kh2 Qe5+ 41. g3 Bd7 42. Nd6 Qh5 43. h4 Bc6 44. Nc4 Bd5 45. Nb6 Bc6 46. Nc8 Re8 47. Na7 Bd5 48. Nb5 Qe5 49. Nc7 Qxc7 50. Rxd5 Qf7 51. Rg5 Rf8 52. Kg2 Qf3+ 53. Qxf3 exf3+ 54. Kh2 Rf5 55. g4 Rf6 56. Kg3 b6 57. cxb6 Rxb6 58. Re5 h6 59. Kxf3 Rb3+ 60. Kf4 Kf7 61. h5 g5+ 62. Ke4 Rb4+ 63. Kf3 Rf4+ 64. Kg3 Kg7 65. Re7+ Kg8 66. f3 Ra4 67. Kf2 Ra3 68. Rd7 Rb3 69. Ke2 Ra3 70. Rd3 Ra4 71. Ke3 Kg7 72. Rd7+ Kg8 73. Rd4 Ra5 74. Ke4 Kg7 75. Rd7+ Kg8 76. Rd5 Ra7 77. Rd6 Kg7 78. Ke5 Re7+ 79. Re6 Ra7 80. Rg6+ Kh7 81. Rd6 Rf7 82. Rf6 Ra7 83. Rd6 Rf7 84. Rd3 Kg7 85. Ke6 Rf6+ 86. Kd7 Rf7+ 87. Kc6 Rf6+ 88. Kc7 Rf4 89. Kd6 Rf6+ 90. Ke5 Rf7 91. Ke4 Rf4+ 92. Ke3 Rf7 93. Rd4 Re7+ 94. Kf2 Rf7 95. f4 Rxf4+ 96. Rxf4 gxf4 97. Kf3 Kf7 98. Kxf4 Kf6 99. Kf3 Kf7 100. Ke3 Ke7 101. Kd4 Kf6 102. Ke4 Ke6 1/2-1/2

[Event "Heart of Finland op 09th"]
[Site "Jyvaskyla"]
[Date "1999.??.??"]
[Round "?"]
[White "Raaste, Eero J"]
[Black "Nippula, Timo"]
[Result "1-0"]
[WhiteElo "2342"]
[BlackElo "2213"]
[PlyCount "57"]
[EventDate "1999.07.??"]
[EventType "swiss"]
[EventRounds "9"]
[EventCountry "FIN"]
[SourceTitle "EXT 2001"]
[Source "ChessBase"]
[SourceDate "2000.11.22"]
[SourceVersion "1"]
[SourceVersionDate "2000.11.22"]
[SourceQuality "1"]

1. e4 e5 2. Nf3 Nf6 3. Nxe5 d6 4. Nf3 Nxe4 5. d4 d5 6. Bd3 Be7 7. 0-0 Nc6 8. c4 Nb4 9. Be2 0-0 10. Nc3 Be6 11. a3 Nxc3 12. bxc3 Nc6 13. Rb1 dxc4 14. Rxb7 Na5 15. Rb5 c6 16. Re5 Nb3 17. Bg5 Bxg5 18. Nxg5 Bd5 19. Qc2 g6 20. Re1 Re8 21. Ne4 Kg7 22. Bf1 Qd7 23. Qe2 Rxe5 24. dxe5 Qe6 25. f4 Rb8 26. Qf2 Rb6 27. Nd6 Ra6 28. Qh4 c5 29. Qd8 1-0

[Event "Helsinki op"]
[Site "Helsinki"]
[Date "1999.??.??"]
[Round "3"]
[White "Raaste, Eero J"]
[Black "Veingold, Aleksandr"]
[Result "0-1"]
[WhiteElo "2342"]
[BlackElo "2477"]
[PlyCount "52"]
[EventDate "1999.??.??"]
[EventType "swiss"]
[EventRounds "5"]
[EventCountry "FIN"]
[SourceTitle "EXT 2000"]
[Source "ChessBase"]
[SourceDate "1999.11.16"]
[SourceVersion "1"]
[SourceVersionDate "1999.11.16"]
[SourceQuality "1"]

1. e4 c5 2. Nf3 d6 3. d4 cxd4 4. Qxd4 Nc6 5. Bb5 Bd7 6. Bxc6 Bxc6 7. c4 Nf6 8. Nc3 g6 9. 0-0 Bg7 10. Re1 0-0 11. Qd3 Nd7 12. Rb1 Nc5 13. Qc2 f5 14. exf5 Bxf3 15. gxf3 Rxf5 16. f4 e5 17. Ne2 Qh4 18. Ng3 Rxf4 19. Bxf4 exf4 20. b4 Qh3 21. Qd1 Ne6 22. Qd5 Be5 23. Rxe5 dxe5 24. Nf1 Rd8 25. Qxe5 Nd4 26. Qe4 Ne2+ 0-1